Japani-Visa #1 - Statistics

Yleistilastot
  • Tätä visaa on pelattu 45 kertaa
  • Keskiarvotulos 9 / 15
Vastaustilastot
Kysymys Vastaus % Oikein
Mikä on Japanin korkein vuori? Fuji
100%
Mikä on Japanin kansallinen kukka Kirsikankukka
100%
Mikä seuraavista on perinteinen japanilainen ruoka? Sushi
100%
Mikä on Japanin pääkaupunki Tokio
100%
Mikä on Japanin valuutta? Yen
95%
Mikä on japanilainen nopeat junat tunnetaan nimellä? Shinkansen
62%
Kuinka monta prefektuuria Japanissa on? 47
52%
Mikä on perinteinen japanilainen teatterimuoto, jossa käytetään värikkäitä maskeja ja pukuja? Kabuki
52%
Milloin Japanin Edo-kausi alkoi? 1600-luvulla
48%
Mikä on Japanin parlamentin nimi? Kokkai
43%
Mikä on Japanin suurin saari? Honshu
33%
Mikä vuodenaika liittyy kirsikankukkien kukintaan Japanissa? Maaliskuu
33%
Mikä japanilainen kirjailija kirjoitti kuuluisan romaanin "Tuulen varjo"? Eiichi Nakano
24%
Mikä on Japanin tunnetuimman filosofin Confucianismiin perustuva opetus? Bushido
19%
Kuka oli Japanin ensimmäinen keisari legendan mukaan? Jimmu
19%
Ehtoja vastaavia visoja ei löytynyt
Tulosjakauma
Jokaisen tuloksen saaneiden osuus
Persentiili vastausten määrän mukaan
Tuloshistoriasi
Et ole pelannut tätä visaa